| 000 | 01287naa a22002657u 4500 | ||
|---|---|---|---|
| 001 | 06742 | ||
| 003 | HDC | ||
| 007 | cr bn ---aaaaa | ||
| 008 | 210124t2003 ce 000 0 eng | ||
| 040 | _aHDC | ||
| 245 | 0 | _aEvaluation of introduced hybrid rice combinations and some Vietnam hybrids | |
| 260 |
_aChina : _bFFTC Research Highlights, _c2003 |
||
| 336 |
_atext _2rdacontent |
||
| 337 |
_acomputer _2rdamedia |
||
| 338 |
_aonline resource _2rdacarrier |
||
| 650 |
_aHybrid rice _97203 |
||
| 650 |
_aPlants _97114 |
||
| 856 | _zRequest full-text at [email protected] | ||
| 856 | _zRequest full-text at [email protected] | ||
| 856 | _zRequest full-text at [email protected] | ||
| 856 | _zRequest full-text at [email protected] | ||
| 942 | _2lcc | ||
| 942 | _cEIS | ||
| 942 | _kEMAG 000347 | ||
| 999 |
_c4066 _d4066 |
||